La teoría de la relatividad: Sus orígenes e impacto sobre el pensamiento moderno.
Guardat en:
| Autor principal: | |
|---|---|
| Altres autors: | , , , |
| Format: | Llibre |
| Idioma: | anglès |
| Publicat: |
Madrid, España:
Alianza,
1978.
|
| Edició: | Cuarta edición. |
| Col·lecció: | Alianza Universidad (AU),
62. |
| Matèries: | |
| Etiquetes: |
Afegir etiqueta
Sense etiquetes, Sigues el primer a etiquetar aquest registre!
|
MARC
| LEADER | 00000nam a22000007a 4500 | ||
|---|---|---|---|
| 003 | CL-VaPUC | ||
| 005 | 20220822114431.0 | ||
| 008 | 220314t1978 ||||| |||| 00| 0 eng d | ||
| 999 | |c 434805 |d 434803 | ||
| 020 | |a 84-206-2062-9 | ||
| 040 | |c Pontificia Universidad Católica de Valparaíso | ||
| 082 | |a 530.11 EIN 1978 |2 22 | ||
| 100 | |a Einstein, Albert |e autor |9 266229 | ||
| 245 | |a La teoría de la relatividad: |b Sus orígenes e impacto sobre el pensamiento moderno. | ||
| 250 | |a Cuarta edición. | ||
| 260 | |a Madrid, España: |b Alianza, |c 1978. | ||
| 300 | |a 174 páginas. | ||
| 490 | |a Alianza Universidad (AU), |v 62. | ||
| 500 | |a c.1 Donación Familia Prof. Alejandro Guzmán Brito. | ||
| 583 | |c 20220314 |k Yessy Stephany Diaz Vidal | ||
| 650 | 0 | |a Relatividad |9 269977 |x Teoría | |
| 650 | 0 | |a Física |9 227844 |x Teoría | |
| 700 | |a Grünbaum, Adolf |e autor |9 867136 | ||
| 700 | |a Eddington, Arthur S |9 316879 |e autor | ||
| 700 | |a Williams, L. Pearce |e selección |e introducción |9 867137 | ||
| 700 | |a Paredes Larrucea, Miguel |e versión española |9 867138 | ||
| 942 | |2 ddc |c BK |n 0 | ||
| 952 | |0 0 |1 0 |2 ddc |4 0 |6 530_110000000000000_EIN_1978 |7 0 |8 C_AGB |9 581817 |a BIBDER |b BIBDER |d 2022-03-14 |e Donación |i 5650061 |o 530.11 EIN 1978 |p 5650061 |r 2023-01-25 |t 1 |w 2022-03-14 |y BK_US |k AGB | ||